000 00620cam a22002053a 4500
001 45000
003 PGUSA
005 20140828084028.0
008 140225s2014||||xxu|||||s|||||000 | eng d
040 _aPGUSA
_beng
042 _adc
100 1 _aNervander, Emil Fredrik,
_d1840-1914
245 1 0 _aElias Lönnrotin nuoruuden ajoilta Laukon kartanossa
_h[electronic resource] /
_cEmil Fredrik Nervander
260 _bProject Gutenberg,
_c2014
506 _aPublic domain in the USA.
516 _aElectronic text
830 0 _aProject Gutenberg
_v45000
856 4 0 _uhttp://www.gutenberg.org/ebooks/45000
942 _cEB
999 _c274251
_d274251